000 00595nam a2200193Ia 4500
005 20250508151102.0
008 008 250505s9999 xx 000 0 eng d
037 _aBooks to be hide in OPAC
040 _aFEDL
_beng
_cFEDL
041 _aeng
_2eng
084 _a370.58, NAT/O
_qFEDL
245 0 _aFifty-second yearbook : Of the national society for the study of education
260 _aChicago
_bNational Society for the Study of Education
_c1953
300 _axiii,316p
365 _aINR
_b17.8
490 _vPt 1
942 _cHB
_h370.58, NAT/O
999 _c1327493
_d1327493